Vista normal Vista MARC

Entrada Topical Term

Número de registros utilizados en: 1

001 - CONTROL NUMBER

  • control field: 41312

003 - CONTROL NUMBER IDENTIFIER

  • control field: OSt

005 - DATE AND TIME OF LATEST TRANSACTION

  • control field: 20211027123641.0

008 - FIXED-LENGTH DATA ELEMENTS

  • fixed length control field: 211027|| aca||aabn | a|a d

040 ## - CATALOGING SOURCE

  • Original cataloging agency: OSt
  • Transcribing agency: OSt

150 ## - HEADING--TOPICAL TERM

  • Topical term or geographic name entry element: Actividad económica
  • General subdivision: Datos socioeconómicos
  • Geographic subdivision: (Rafaela) Argentina

670 ## - SOURCE DATA FOUND

  • Source citation: Work cat.: (OSt)8647: Costamagna, Pablo, 17879 autor, La articulación y las interacciones entre instituciones : , 2000